ბათუმის შოთა რუსთაველის სახელმწიფო უნივერსიტეტის ბიბლიოთეკა

სისხლის სამართალი კერძო ნაწილი ტ. 2 : (ბიბ.ჩანაწერი № 49420)

000 -ლიდერი
ფიქსირებული სიგრძის საკონტროლო ველი 01621nam a2200289Ia 4500
001 - საკონტროლო ნომერი
საკონტროლო ველი 16340
003 - საკონტროლო ნომრის იდენტიფიკატორი
საკონტროლო ველი GE_BSU
005 - ბოლო ოპერაციის თარიღი და დრო
საკონტროლო ველი 20211008153710.0
008 - ფიქსირებული სიგრძის მონაცემთა ელემენტები - ზოგადი ინფორმაცია
ფიქსირებული სიგრძის საკონტროლო ველი 181216s2001||||ge |||||||||||||| ||geo||
020 ## - წიგნის საერთაშორისო სტანდარტული ნომერი
International Standard Book Number ISBN 99928-861-7-X
040 ## - კატალოგიზაციის წყარო
Transcribing agency GE_BSU
041 ## - ენის კოდი
Language code of text/sound track or separate title geo
080 ## - უნივერსალური ათობითი კლასიფიკაციის ინდექსი
Universal Decimal Classification number 343(479.22)(094.4)+343.7 წ–85
100 ## - მთავარი ჩანაწერი - პიროვნების სახელი
Personal name წულაია, ზაურ
9 (RLIN) 12304
245 ## - ცნობა სათაურის შესახებ
Title სისხლის სამართალი კერძო ნაწილი ტ. 2 :
Remainder of title საქართველოს ახალი სისხლის სამართლის კოდექსის მიხედვით /
Statement of responsibility, etc ზაურ წულაია ; რედ. მზია ლეკვეიშვილი, გოჩა მამულაიშვილი.
264 ## - წარმოების, გამოცემის, დისტრიბუციის და სხვა ცნობები
გამოცემის, წარმოების, დისტრიბუციის... ადგილი თბილისი :
გამოცემის, წარმოების, დისტრიბუციის... სახელწოდება ინტელქტი,
გამოცემის, წარმოების, დისტრიბუციის... თარიღი 2001.
300 ## - ფიზიკური აღწერა
Extent 371 გვ. ;
Dimensions 20 სმ
504 ## - BIBLIOGRAPHY, ETC. NOTE
Bibliography, etc ბიბლიოგრაფია ტექსტების შენიშვნებში და გვ. 367
653 ## - INDEX TERM--UNCONTROLLED
Uncontrolled term სამართალი
653 ## - INDEX TERM--UNCONTROLLED
Uncontrolled term საქართველოს სისხლის სამართლის კოდექსი
653 ## - INDEX TERM--UNCONTROLLED
Uncontrolled term ეკონომიკური დანაშაული
653 ## - INDEX TERM--UNCONTROLLED
Uncontrolled term დანაშაული საკუთრების წინააღმდეგ
700 ## - ADDED ENTRY--PERSONAL NAME
Personal name ლეკვეიშვილი, მზია
Relator term რედაქტორი
9 (RLIN) 12627
700 ## - ADDED ENTRY--PERSONAL NAME
Personal name მამულაიშვილი, გოჩა
Relator term რედაქტორი
9 (RLIN) 7762
942 ## - ADDED ENTRY ELEMENTS (KOHA)
Koha item type წიგნი
Source of classification or shelving scheme
ეგზემპლარები
ჩამოწერის სტატუსი დაკარგული ეგზემპლარის სტატუსი კლასიფიკაციის წყარო ან თაროზე გაწყობის სქემა დაზიანების სტატუსი არ გაიცემა მუდმივი მდებარეობა (დაცვის ადგილი) ამჟამინდელი ადგილსამყოფელი თაროზე განთავსების ადგილი შეძენის თარიღი ღირებულება, შესყიდვის ნორმალური ფასი სრული შენახვის შიფრი შტრიხკოდი ბოლო ოპერაციის თარიღი ეგზემპლარის მიმდევრობითი ნომერი (კეტერი?) ფასის ძალაში შესვლის თარიღი ეგზემპლარის სახეობა საჯარო შენიშვნა
          ბათუმის შოთა რუსთაველის სახელმწიფო უნივერსიტეტის მთავარი ბიბლიოთეკა ბათუმის შოთა რუსთაველის სახელმწიფო უნივერსიტეტის მთავარი ბიბლიოთეკა წიგნსაცავი 2018-12-17 18.00 343(479.22)(094.4)+343.7 წ–85 40629 2018-12-17 40629 2018-12-17 წიგნი 18.00 ₾.
          ბათუმის შოთა რუსთაველის სახელმწიფო უნივერსიტეტის მთავარი ბიბლიოთეკა ბათუმის შოთა რუსთაველის სახელმწიფო უნივერსიტეტის მთავარი ბიბლიოთეკა წიგნსაცავი 2018-12-17 17.00 343(479.22)(094.4)+343.7 წ–85 55106 2018-12-17 55106 2018-12-17 წიგნი 17ლ.50თ.
          ბათუმის შოთა რუსთაველის სახელმწიფო უნივერსიტეტის მთავარი ბიბლიოთეკა ბათუმის შოთა რუსთაველის სახელმწიფო უნივერსიტეტის მთავარი ბიბლიოთეკა წიგნსაცავი 2018-12-17 7.50 343(479.22)(094.4)+343.7 წ–85 55107 2018-12-17 55107 2018-12-17 წიგნი 17ლ.50თ.
          ბათუმის შოთა რუსთაველის სახელმწიფო უნივერსიტეტის მთავარი ბიბლიოთეკა ბათუმის შოთა რუსთაველის სახელმწიფო უნივერსიტეტის მთავარი ბიბლიოთეკა წიგნსაცავი 2023-02-13 10.00 343(479.22)(094.4)+343.7 წ–85 63768 2023-02-13 63768 2023-02-13 წიგნი 10.00
          ბათუმის შოთა რუსთაველის სახელმწიფო უნივერსიტეტის მთავარი ბიბლიოთეკა ბათუმის შოთა რუსთაველის სახელმწიფო უნივერსიტეტის მთავარი ბიბლიოთეკა წიგნსაცავი 2023-02-13 10.00 343(479.22)(094.4)+343.7 წ–85 63769 2023-02-13 63769 2023-02-13 წიგნი 10.00